00725nam a22001937a 450000500170000001000150001702000260003203500130005803700130007108200130008424502370009726000390033427000460037330000310041950000190045070000200046970000210048970000210051020131008103742.0 aENG-108073 a9788184248142c750.00 aEN-91606 bDBAD/PUB a005.7565 aProceedings of the International conference on optimization, computing and business analytics 2012 :cedited by S.P. Mukherjee, Ananya Kanjilal [and] Sabnam Senguptab45th annual convention of operational research society of India / aNew DelhibAllied Publishersc2012 a1/13-14 Asaf Ali Road,bNew Delhie110002 ax,230p. :c28cm(pbk)bill. aIncludes index aMukherjee, S.P. aKanjilal, Ananya aSengupta, Sabnam